Numbers Quiz Stats

Quiz not verified by Sporcle

Also try: Seven Dirty Words
Challenge
Share
Tweet
Embed
Score 0/100 Timer 01:00
0 Plays Today
make sure on 1-9 you press space after t Answer % Correct
12
92.4%
1
88.6%
2
86.1%
10
84.8%
11
84.8%
34
84.8%
3
83.5%
4
83.5%
5
83.5%
13
83.5%
14
83.5%
15
83.5%
16
83.5%
6
82.3%
7
82.3%
22
82.3%
17
81%
18
81%
19
81%
23
81%
21
79.7%
44
79.7%
33
79.7%
8
78.5%
24
78.5%
26
78.5%
25
77.2%
9
75.9%
20
75.9%
27
75.9%
28
75.9%
29
75.9%
32
75.9%
31
74.7%
make sure on 1-9 you press space after t Answer % Correct
35
73.4%
45
73.4%
30
72.2%
36
72.2%
37
72.2%
38
72.2%
39
72.2%
43
72.2%
55
72.2%
40
70.9%
41
70.9%
42
70.9%
46
68.4%
47
68.4%
56
68.4%
48
67.1%
49
65.8%
51
65.8%
52
64.6%
54
64.6%
50
63.3%
53
63.3%
66
60.8%
77
59.5%
61
58.2%
78
58.2%
57
57%
58
57%
59
57%
60
57%
62
57%
67
57%
63
55.7%
64
55.7%
make sure on 1-9 you press space after t Answer % Correct
65
55.7%
71
53.2%
73
53.2%
68
51.9%
69
51.9%
70
51.9%
72
51.9%
76
51.9%
74
50.6%
75
50.6%
79
49.4%
83
46.8%
88
46.8%
80
45.6%
81
45.6%
82
45.6%
84
45.6%
85
43%
86
43%
89
43%
91
43%
90
41.8%
99
41.8%
87
40.5%
98
38%
93
36.7%
94
36.7%
97
36.7%
92
35.4%
95
35.4%
96
35.4%
100
31.6%

You're not logged in!

Compare scores with friends on all Sporcle quizzes.
Sign Up with Email
OR
Log In

You Might Also Like...

Show Comments

Extras

Top Quizzes Today


Score Distribution

Your Account Isn't Verified!

In order to create a playlist on Sporcle, you need to verify the email address you used during registration. Go to your Sporcle Settings to finish the process.

Report this User

Report this user for behavior that violates our Community Guidelines.

Details: